000 00419nam a2200157Ia 4500
008 240729s9999 xx 000 0 und d
022 _a2090-3537
245 0 _aInternational Journal of Electrochemistry
260 _aUnited Kingdom
260 _bHindawi Limited
650 _a Chemistry
650 _aScience
856 _uhttps://doaj.org/toc/bb13004cc7c44eddb9a60e7f122cfb80
942 _2ddc
942 _cDOAJEJ
999 _c71685
_d71685
945 _a1
_bMadushi Gamage
_c1
_dMadushi Gamage